00959nam a2200277Ia 450000500170000000800410001702000190005808200180007710000330009524501260012825000190025430000330027349000150030650000250032150400280034665000380037465000090041265000330042165000310045470000260048526400470051133600270055833700330058533800280061804000350064620220317001134.0160825s2007 ck g 000 0 spa  a9789587140801204a079.861bT24n1 aTejada Cano, Luisd1898-192410aNueva antología de Luis Tejadacselección, prólogo, notas, cronología y edición a cargo de Gilberto Loaiza Cano a1a. edición  axxxv, 522 páginas c22 cm  aPeriodismo aIncluye cronología aIncluye bibliografías142LEMBaCrónicas periodísticas 142LEMB142LEMBaLiteratura colombiana 142LEMBaEnsayos colombianos 1 aLoaiza Cano, Gilberto aMedellínbUniversidad de Antioquiac2007 atextobtxt2rdacontent asin mediaciónbn2rdamedia avolumenbnc2rdacarrier aCO-BoRNBPbspaerdacCO-BoRNBP